Communicating research

Communicating Research explores how changing technologies affect academic research practices. The book begins with the rise of electronic media and fundamental changes in the dissemination of research. It then outlines the problems and concerns of researchers, librarians, and publishers: inadequacie...

Full description

Saved in:
Bibliographic Details
Other Authors Meadows, A. J.
Format eBook
LanguageEnglish
Published San Diego, Calif. : Academic Press, c1998.
SeriesLibrary and information science (New York, N.Y.) ; v. 97b.
Subjects
Online AccessFull text
ISBN0124874150
9781849507998
ISSN1876-0562 ;
Physical Description1 online zdroj (x, 264 p.).

Cover

LEADER 00000cam a2200000 a 4500
001 70286
003 CZ-ZlUTB
005 20251006165719.0
006 m d
007 cr un
008 101115s1998 xxu sb 001 0 eng
010 |a 97023432 
020 |z 0124874150  |q (acid-free paper) 
020 |a 9781849507998  |q (ebook) 
040 |a UtOrBLW  |c UtOrBLW  |b cze  |d ZLD002 
080 |a -047.37 
245 0 0 |a Communicating research  |h [elektronický zdroj] /  |c edited by A.J. Meadows. 
260 |a San Diego, Calif. :  |b Academic Press,  |c c1998. 
300 |a 1 online zdroj (x, 264 p.). 
490 1 |a Library and information science,  |x 1876-0562 ;  |v v. 97.2 
504 |a Includes bibliographical references (p. 243-255) and index. 
505 0 |a Change and growth / A.J. Meadows -- Channels for communicating research / A.J. Meadows -- Making research public / A.J. Meadows -- Finding out about research / A.J. Meadows -- Research traditions / A.J. Meadows -- Who does research and with what results? / A.J. Meadows. 
520 |a Communicating Research explores how changing technologies affect academic research practices. The book begins with the rise of electronic media and fundamental changes in the dissemination of research. It then outlines the problems and concerns of researchers, librarians, and publishers: inadequacies of copyright laws, the rise of interlibrary loan practices, and the unchecked broadcast of working papers. These problems lead to a discussion of research practices across scholarly disciplines and an investigation of the biases and intentions of practitioners. The book includes historical data and observations on the current scene in order to make predictions about the future. Communicating Research draws conclusions about the ways that differing norms, such as the differences in the ways chemists and sociologists conduct, write, and publish their research, affect publication trends. The book also looks closely at the efficiency of publication strategies and their effectiveness in reaching the researchers' targeted audiences. Meadows uses two avenues to explore the communication of research findings. One is the medium used to convey the message; the other is the needs of the research community. He offers a solid base of analysis for understanding researchers, their biases, their assumptions about the communication, and the publishers. It explains variations in the reviewing processes for books and journals. It tailors communication and publishing insights for researchers, and offers superior historical information. 
588 |a Description based on print version record. 
504 |a Obsahuje bibliografie 
506 |a Plný text je dostupný pouze z IP adres počítačů Univerzity Tomáše Bati ve Zlíně nebo vzdáleným přístupem pro zaměstnance a studenty univerzity 
650 4 |a Research  |x Communication systems. 
650 4 |a Communication in science. 
650 4 |a Communication of technical information. 
655 7 |a elektronické knihy  |7 fd186907  |2 czenas 
655 9 |a electronic books  |2 eczenas 
700 1 |a Meadows, A. J.  |q (Arthur Jack) 
776 1 |z 9780124874152 
830 0 |a Library and information science (New York, N.Y.) ;  |v v. 97b. 
856 4 0 |u https://proxy.k.utb.cz/login?url=http://www.emeraldinsight.com/1876-0562/97B 
992 |a BK  |c EBOOK-TN  |c BME 
999 |c 70286  |d 70286 
993 |x NEPOSILAT  |y EIZ